Pháp luật về hoạt động đăng ký, cung cấp thông tin về giao dịch bảo đảm trong lĩnh vực tín dụng ngân hàng ở Việt Nam : Luận án Tiến sĩ Luật học
Enregistré dans:
| Auteur principal: | |
|---|---|
| Format: | Luận văn |
| Langue: | Undetermined |
| Publié: |
Học viện Khoa học Xã Hội
2015
|
| Sujets: | |
| Tags: |
Ajouter un tag
Pas de tags, Soyez le premier à ajouter un tag!
|
| Thư viện lưu trữ: | Trung tâm Thư viện - Trường Đại học Công nghiệp TP. Hồ Chí Minh |
|---|
| LEADER | 00725nam a2200157Ia 4500 | ||
|---|---|---|---|
| 001 | UIH_01844 | ||
| 008 | 230809s9999 xx 000 0 und d | ||
| 082 | |a 346.597082 | ||
| 100 | |a Vũ, Thế Hoài | ||
| 245 | 0 | |a Pháp luật về hoạt động đăng ký, cung cấp thông tin về giao dịch bảo đảm trong lĩnh vực tín dụng ngân hàng ở Việt Nam : Luận án Tiến sĩ Luật học | |
| 245 | 0 | |c Vũ, Thế Hoài | |
| 260 | |b Học viện Khoa học Xã Hội | ||
| 260 | |c 2015 | ||
| 650 | |a Luật ngân hàng;Tín dụng Ngân hàng | ||
| 927 | |a Luận văn | ||
| 980 | |a Trung tâm Thư viện - Trường Đại học Công nghiệp TP. Hồ Chí Minh | ||